000
00262nam a22001097a 4500
003
SGT
082
_a
346.54086,BAR
100
_a
BARE,ACT
245
_a
LIFE INSURANCE CORPORATION ACT,1956 (31 OF 1956)
260
_a
NEW DELHI
_b
EASTERN BOOK
_c
2015
942
_2
ddc
_c
BK
999
_c
11670
_d
11670